000 00660cam a22002173a 4500
001 42538
003 PGUSA
005 20140828083949.0
008 130415s2013||||xxu|||||s|||||000 | eng d
040 _aPGUSA
_beng
042 _adc
100 1 _aO'Brien, Henry,
_d1808-1835
245 1 4 _aThe Round Towers of Ireland ;
_bor, The History of the Tuath-De-Danaans
_h[electronic resource] /
_cHenry O'Brien
260 _bProject Gutenberg,
_c2013
506 _aPublic domain in the USA.
516 _aElectronic text
653 _aRound towers -- Ireland
830 0 _aProject Gutenberg
_v42538
856 4 0 _uhttp://www.gutenberg.org/ebooks/42538
942 _cEB
999 _c271790
_d271790